000 00747nam a2200253 i 4500
001 000015706
003 DO-SdBNP
005 20231215085238.0
006 a||||gr|||| 00| 0
007 ta
008 110719e190? dr 000 0 spa d
040 _aDO-SdBNP
_bspa
_cBNPHU
_erda
082 4 _bL817c
_222
100 1 _aLockward S., Jorge A.
_935376
_eautor
245 1 0 _aCooperativas escolares /
_cJorge A. Lockward S.
264 _aSanto Domingo :
_bEducativa Domininicana,
_c[190?].
300 _a98 páginas ;
_c21 cm.
336 _2rdacontent
_atexto
_btxt
337 _2damedia
_asin mediación
_bn
338 _2rdacarrier
_avolumen
_bnc
504 _aBibliografía : páginas 97-98
590 _aInventariado 2023 / MF
942 _2ddc
_cLBS1
999 _c15258
_d15258